| 000 | 00522nam a22001937a 4500 | ||
|---|---|---|---|
| 003 | BD-ChCU | ||
| 005 | 20230510094108.0 | ||
| 008 | 230510b nyu ||||| |||| 00| 0 eng d | ||
| 020 | _a9789388313308 | ||
| 040 | _cBD-ChCU | ||
| 082 |
_222 _a615.1 _bW552l |
||
| 100 |
_91167 _aWhalen,Karen. |
||
| 245 |
_aLippincott illustrated reviews : _bPharmacology / _cKaren Whalen |
||
| 250 | _a7ed. | ||
| 260 |
_aNew York : _bWolters Kluwer, _cc2019 |
||
| 300 | _a593 P . : | ||
| 650 | 0 |
_91168 _aPharmacology |
|
| 942 |
_2ddc _cBK _n0 |
||
| 999 |
_c102014 _d102014 |
||